Answers for occupiers (Record no. 104621)
[ view plain ]
| 000 -LEADER | |
|---|---|
| fixed length control field | 00969cam a2200205 4500 |
| 001 - CONTROL NUMBER | |
| control field | ##L131030 |
| 008 - FIXED-LENGTH DATA ELEMENTS--GENERAL INFORMATION | |
| fixed length control field | 050921n2005 000 0 eng u |
| 035 ## - SYSTEM CONTROL NUMBER | |
| System control number | (Sirsi) u131030 |
| 041 0# - LANGUAGE CODE | |
| Language code of text/sound track or separate title | eng |
| 050 04 - LIBRARY OF CONGRESS CALL NUMBER | |
| Classification number | 384.5 |
| 100 1# - MAIN ENTRY--PERSONAL NAME | |
| Personal name | Gale, Stephen |
| 110 2# - MAIN ENTRY--CORPORATE NAME | |
| Corporate name or jurisdiction name as entry element | British Council for Offices |
| 9 (RLIN) | 3992 |
| 245 00 - TITLE STATEMENT | |
| Title | Answers for occupiers |
| Remainder of title | wireless technology and offices over the next five years. |
| 260 ## - PUBLICATION, DISTRIBUTION, ETC. | |
| Place of publication, distribution, etc. | London |
| Name of publisher, distributor, etc. | British Council for Offices |
| Date of publication, distribution, etc. | 2005 |
| 350 ## - PRICE (NR) (BK AM CF MU VM SE) [OBSOLETE] | |
| Price | 40.00 |
| 520 ## - SUMMARY, ETC. | |
| Summary, etc. | Discusses wireless connectivity in the office setting. The study focuses on both Wi-Fi and 3G/GPRS cellular data network. Provides an overview of the methods of wireless connectivity available, the market, security, productivity, image, cost and user demand. Examines the future of the technology in some detail. Appendices, contain details about Wi-Fi standards, a glossary. |
| 590 ## - LOCAL NOTE (RLIN) | |
| Local note | IKA111009 |
| 690 ## - LOCAL SUBJECT ADDED ENTRY--TOPICAL TERM (OCLC, RLIN) | |
| Topical term or geographic name as entry element | PROPERTY-COMMERCIAL PROPERTY-OFFICE PROPERTY-OFFICES |
| 942 ## - ADDED ENTRY ELEMENTS (KOHA) | |
| Suppress in OPAC | 0 |
| Withdrawn status | Lost status | Source of classification or shelving scheme | Damaged status | Not for loan | Home library | Current library | Shelving location | Date acquired | Cost, normal purchase price | Total Checkouts | Full call number | Barcode | Date last seen | Copy number | Cost, replacement price | Price effective from | Koha item type |
|---|---|---|---|---|---|---|---|---|---|---|---|---|---|---|---|---|---|
| Dewey Decimal Classification | London | London | Pamphlets | 05/10/2005 | 40.00 | P384.5 BRI | 30071369 | 06/08/2019 | 1 | 40.00 | 06/08/2019 | Book |